| 000 | 00910nam a2200205 a 4500 | ||
|---|---|---|---|
| 003 | 0 | ||
| 005 | 20250618111908.0 | ||
| 008 | 021121s19uu xx 00 eng d | ||
| 050 |
_aPHS LB 3060.57 _b.M36 2000 |
||
| 100 | _aManalastas, Ernest Michael C. | ||
| 245 |
_aA Survey on the preparation for the NSAT and college entrance exams among 4th year high school students from Southville International School sy 1999-2000 / _cErnest Michael C. Manalastas. |
||
| 260 |
_aLas PiƱas City, Philippines : _bSouthville International School and Colleges, _c2000. |
||
| 300 |
_a27 pages : _billustrations ; _c28 cm. |
||
| 504 | _aIncludes bibliographical references. | ||
| 650 |
_aCollege entrance examinations _zPhilippines _xStudy and teaching. |
||
| 650 |
_aExaminations _xPreparation _zPhilippines. |
||
| 650 |
_aTest preparation _zPhilippines. |
||
| 650 |
_aStudents _zPhilippines _xExaminations. |
||
| 942 |
_2lcc _cPASS |
||
| 999 |
_c96312 _d96312 |
||